[Event "Rhein Main op 12th"]
[Site "Bad Homburg"]
[Date "2009.06.13"]
[Round "6"]
[White "Nahler, Michael"]
[Black "Hornung, Thomas"]
[Result "1/2-1/2"]
[WhiteElo "1834"]
[BlackElo "2034"]
[PlyCount "51"]
[EventDate "2009.06.10"]
[EventType "swiss"]
[EventRounds "7"]
[EventCountry "GER"]
[SourceTitle "CBM 131 Extra"]
[Source "ChessBase"]
[SourceDate "2009.09.03"]
[SourceVersion "2"]
[SourceVersionDate "2009.09.16"]
[SourceQuality "1"]

1. e4 c6 2. d4 d5 3. Nc3 dxe4 4. Nxe4 Bf5 5. Ng3 Bg6 6. h4 h6 7. Nf3 Nd7 8. h5 Bh7 9. Bd3 Bxd3 10. Qxd3 e6 11. Bf4 Qa5+ 12. Bd2 Qc7 13. 0-0-0 Ngf6 14. Ne4 Nxe4 15. Qxe4 0-0-0 16. g3 Bd6 17. c4 Nf6 18. Qc2 c5 19. d5 exd5 20. cxd5 Kb8 21. Bc3 Rhg8 22. Bxf6 gxf6 23. Kb1 Qd7 24. Nh4 Rg5 25. Nf3 Rgg8 26. Nh4 1/2-1/2

[Event "Rhein Main op 12th"]
[Site "Bad Homburg"]
[Date "2009.06.11"]
[Round "3"]
[White "Nazarenus, Moritz"]
[Black "Hornung, Thomas"]
[Result "1-0"]
[WhiteElo "2232"]
[BlackElo "2034"]
[PlyCount "51"]
[EventDate "2009.06.10"]
[EventType "swiss"]
[EventRounds "7"]
[EventCountry "GER"]
[SourceTitle "CBM 131 Extra"]
[Source "ChessBase"]
[SourceDate "2009.09.03"]
[SourceVersion "2"]
[SourceVersionDate "2009.09.16"]
[SourceQuality "1"]

1. d4 d5 2. c4 c6 3. Nf3 Nf6 4. e3 Bf5 5. Nh4 Bg6 6. Nc3 e6 7. f4 Be7 8. Be2 0-0 9. 0-0 dxc4 10. f5 exf5 11. Bxc4 Nbd7 12. Nxf5 Bb4 13. Bd2 Nb6 14. Bb3 Qd7 15. Qf3 Bxf5 16. Qxf5 Qxf5 17. Rxf5 Rad8 18. Raf1 Be7 19. Be1 Nbd5 20. R5f3 c5 21. Bh4 cxd4 22. Nxd5 Nxd5 23. Bxe7 Nxe7 24. Rxf7 Rxf7 25. Rxf7 Nd5 26. Rf5 1-0

[Event "Karl Mala Memorial op 09th"]
[Site "Frankfurt"]
[Date "2005.07.31"]
[Round "6"]
[White "Hornung, Thomas"]
[Black "Lobzhanidze, Anna Luise"]
[Result "0-1"]
[WhiteElo "1766"]
[BlackElo "2096"]
[PlyCount "118"]
[EventDate "2005.07.28"]
[EventType "swiss"]
[EventRounds "7"]
[EventCountry "GER"]
[SourceTitle "EXT 2006"]
[Source "ChessBase"]
[SourceDate "2005.11.24"]
[SourceVersion "1"]
[SourceVersionDate "2005.11.24"]
[SourceQuality "1"]

1. d4 Nf6 2. Nf3 g6 3. e3 Bg7 4. b3 d6 5. Bb2 0-0 6. Be2 c5 7. 0-0 Nbd7 8. d5 b6 9. c4 b5 10. cxb5 Nb6 11. Bc4 Bb7 12. Nbd2 Bxd5 13. a4 Rb8 14. Qc2 Ba8 15. e4 Re8 16. e5 Nh5 17. e6 f6 18. Rfe1 Qc8 19. a5 Nd5 20. Nh4 Nhf4 21. Ndf3 Nc7 22. g3 Nfxe6 23. b6 axb6 24. axb6 Rxb6 25. Rxa8 Qxa8 26. Bxe6+ Nxe6 27. Rxe6 Kf7 28. Re3 Qb7 29. Qc4+ e6 30. Ng2 Rb4 31. Qc3 Kf8 32. Nf4 e5 33. Nd3 Rxb3 34. Qc4 Rb6 35. Bc3 Bh6 36. Nxc5 dxc5 37. Qxc5+ Re7 38. Rd3 Rc6 39. Rd8+ Kf7 40. Qd5+ Rce6 41. Qd1 Rb6 42. Kg2 Qe4 43. Rh8 Ke6 44. Qd8 Rc6 45. Qg8+ Kf5 46. Rxh7 Rxc3 47. Rxh6 Qxf3+ 48. Kh3 Qg4+ 49. Kg2 Rd7 50. Qa8 Qe4+ 51. Qxe4+ Kxe4 52. Rxg6 Kf5 53. Rg8 Rd2 54. g4+ Ke6 55. h4 Rcc2 56. h5 Rxf2+ 57. Kg3 Rg2+ 58. Kf3 Rcf2+ 59. Ke4 Rf4+ 0-1

[Event "Karl Mala Memorial op 09th"]
[Site "Frankfurt"]
[Date "2005.07.30"]
[Round "5"]
[White "Fassmann, Kurt"]
[Black "Hornung, Thomas"]
[Result "0-1"]
[WhiteElo "2062"]
[BlackElo "1766"]
[PlyCount "96"]
[EventDate "2005.07.28"]
[EventType "swiss"]
[EventRounds "7"]
[EventCountry "GER"]
[SourceTitle "EXT 2006"]
[Source "ChessBase"]
[SourceDate "2005.11.24"]
[SourceVersion "1"]
[SourceVersionDate "2005.11.24"]
[SourceQuality "1"]

1. d4 d5 2. Nf3 Nf6 3. Bf4 c6 4. e3 Bg4 5. Nbd2 e6 6. Be2 Be7 7. 0-0 0-0 8. h3 Bh5 9. c4 c5 10. Rc1 cxd4 11. Nxd4 Bxe2 12. Qxe2 Nbd7 13. Bh2 Qb6 14. Rc2 Rfd8 15. Rfc1 e5 16. Nf5 Bf8 17. g4 g6 18. Nh4 d4 19. exd4 exd4 20. Ne4 Nxe4 21. Qxe4 Nc5 22. Qf3 Bh6 23. Rd1 d3 24. Rcd2 Bxd2 25. Rxd2 Re8 26. Bf4 Rad8 27. Be3 Qd6 28. Bxc5 Qxc5 29. Rxd3 Qxc4 30. Rxd8 Rxd8 31. Qxb7 Rd1+ 32. Kh2 h5 33. Nf3 Qf4+ 34. Kg2 hxg4 35. Qc8+ Kg7 36. hxg4 a5 37. g5 Rc1 38. Qh3 Qb4 39. Ne5 Qe4+ 40. Nf3 Rc2 41. Qh6+ Kg8 42. Qh3 Qe2 43. Qh4 Rxb2 44. Qd4 Rxa2 45. Ne5 Qd2 46. Nf3 Qxd4 47. Nxd4 Rd2 48. Nf3 Rd5 0-1

[Event "Rhein Main op 07th"]
[Site "Bad Homburg"]
[Date "2004.06.11"]
[Round "4.36"]
[White "Foerster, Rudi"]
[Black "Hornung, Thomas"]
[Result "0-1"]
[WhiteElo "1764"]
[BlackElo "1677"]
[PlyCount "48"]
[EventDate "2004.06.09"]
[EventType "swiss"]
[EventRounds "7"]
[EventCountry "GER"]
[SourceTitle "CBM 100 Extra"]
[Source "ChessBase"]
[SourceDate "2004.07.06"]
[SourceVersion "2"]
[SourceVersionDate "2004.07.06"]
[SourceQuality "1"]

1. e4 d5 2. exd5 Qxd5 3. Nc3 Qd6 4. d4 Nf6 5. Nf3 c6 6. Bd3 Bg4 7. Be3 e6 8. Qe2 Be7 9. 0-0-0 Nbd7 10. h3 Bh5 11. Rhe1 Nd5 12. Ne4 Qc7 13. Bg5 Nf4 14. Qe3 Nxg2 15. Qe2 Nxe1 16. Rxe1 Bxg5+ 17. Nexg5 Qf4+ 18. Kb1 Qxg5 19. Nxg5 Bxe2 20. Rxe2 Nf6 21. f4 g6 22. Bc4 Nd5 23. Bb3 h6 24. c4 Nxf4 0-1